El mayul : (Registro nro. 50247)

Detalles MARC
000 -LEADER
fixed length control field 00903aam a2200289 i 4500
005 - DATE AND TIME OF LATEST TRANSACTION
control field 20251128205559.0
007 - PHYSICAL DESCRIPTION FIXED FIELD--GENERAL INFORMATION
fixed length control field ta
008 - FIXED-LENGTH DATA ELEMENTS--GENERAL INFORMATION
fixed length control field 220426s2022 ck fr 000 0dspa d
040 ## - CATALOGING SOURCE
Original cataloging agency CO-CtgCURN
Language of cataloging spa
Transcribing agency coctgcurn
041 ## - LANGUAGE CODE
Language code of text/sound track or separate title spa
045 ## - TIME PERIOD OF CONTENT
Time period code w-w-
082 04 - DEWEY DECIMAL CLASSIFICATION NUMBER
Classification number 863.010972
Item number L318
Edition information 23
100 1# - MAIN ENTRY--PERSONAL NAME
Personal name Lara, Alfredo.
245 13 - TITLE STATEMENT
Title El mayul :
Remainder of title cuentos de la huasteca potosina /
Statement of responsibility, etc. Alfredo Lara.
250 ## - EDITION STATEMENT
Edition statement segunda edición.
264 #1 - PRODUCTION, PUBLICATION, DISTRIBUTION, MANUFACTURE, AND COPYRIGHT NOTICE
Place of production, publication, distribution, manufacture Cartagena de Indias
Name of producer, publisher, distributor, manufacturer Ediciones bajo mundo
Date of production, publication, distribution, manufacture, or copyright notice 2025
264 #4 - PRODUCTION, PUBLICATION, DISTRIBUTION, MANUFACTURE, AND COPYRIGHT NOTICE
Date of production, publication, distribution, manufacture, or copyright notice 2025
300 ## - PHYSICAL DESCRIPTION
Extent 120 páginas ;
Dimensions 23 cm.
336 ## - CONTENT TYPE
Content type term texto
Content type code txt
Source rdacontent
337 ## - MEDIA TYPE
Media type term sin mediación
Media type code n
Source rdamedia
338 ## - CARRIER TYPE
Carrier type term volumen
Carrier type code nc
Source rdacarrier
650 17 - SUBJECT ADDED ENTRY--TOPICAL TERM
Topical term or geographic name entry element Cuentos
Geographic subdivision México -- San Luis Potosí.
650 17 - SUBJECT ADDED ENTRY--TOPICAL TERM
Topical term or geographic name entry element Folclore
Geographic subdivision México -- San Luis Potosí.
650 17 - SUBJECT ADDED ENTRY--TOPICAL TERM
Topical term or geographic name entry element Indígenas huastecos
Form subdivision Folclore.
650 17 - SUBJECT ADDED ENTRY--TOPICAL TERM
Topical term or geographic name entry element Cuentos mexicanos.
Existencias
Withdrawn status Lost status Damaged status Not for loan Collection Home library Current library Shelving location Date acquired Inventory number Total checkouts Full call number Barcode Date last seen Price effective from Koha item type Public note
        General Miguel Henríquez Emiliani Miguel Henríquez Emiliani Cartagena 11/28/2025 025695   863.010972 L318 025695 11/28/2025 11/28/2025 Libros 860-LITEP